[Event "Sommerschach 2022 Vereinsspieler"]
[Site "Dortmund"]
[Date "2022.07.13"]
[Round "7.35"]
[White "Volmer, Martin"]
[Black "Mokros, Jürgen"]
[Result "0-1"]
[WhiteElo "1560"]
[BlackElo "1611"]
[PlyCount "92"]
[EventDate "2022.07.??"]
[EventType "tourn"]
[EventRounds "7"]
[WhiteTeam "SG Mengede"]
[BlackTeam "FS Dortmund"]

1. d4 Nf6 2. c4 g6 3. Nc3 d5 4. cxd5 Nxd5 5. e4 Nxc3 6. bxc3 Bg7 7. Bc4 c5 8.
Ne2 O-O 9. O-O Nc6 10. Be3 Na5 11. Bd3 c4 12. Bc2 Bd7 13. Qd2 a6 14. f4 e6 15.
f5 exf5 16. exf5 Re8 17. Ng3 Nc6 18. Rf3 b5 19. Raf1 gxf5 20. Nxf5 Bxf5 21.
Rxf5 f6 22. Rh5 Qe7 23. Bxh7+ Kf8 24. Rh3 Nd8 25. Bg6 Nf7 26. Rf5 Ra7 27. Bxf7
Kxf7 28. Rfh5 Qe4 29. Kf2 Rae7 30. R5h4 Qd3 31. Qxd3 cxd3 32. d5 f5 33. Rf3 d2
34. Rxf5+ Kg8 35. Bxd2 Re2+ 36. Kg3 Rxd2 37. Rg4 Rd8 38. Rfg5 Rd7 39. h4 R2xd5
40. Rxd5 Rxd5 41. Rg6 Kf7 42. Rxa6 Bxc3 43. a4 b4 44. Kf3 b3 45. g4 b2 46. Rb6
Rd1 0-1

[Event "Sommerschach 2022 Vereinsspieler"]
[Site "Dortmund"]
[Date "2022.07.13"]
[Round "7.36"]
[White "Bensch, Christian"]
[Black "Schoppe, Hans-Werner"]
[Result "1-0"]
[WhiteElo "1323"]
[BlackElo "1221"]
[PlyCount "67"]
[EventDate "2022.07.??"]
[EventType "tourn"]
[EventRounds "7"]
[WhiteTeam "SC Wambel"]
[BlackTeam "SVG Marten-Bövinghausen"]

1. e4 c5 2. c3 e5 3. Nf3 Nc6 4. d4 cxd4 5. cxd4 exd4 6. Nxd4 Bc5 7. Be3 Qb6 8.
Nf5 Bxe3 9. Nxe3 Qxb2 10. Nd2 Nge7 11. Bc4 O-O 12. O-O b5 13. Rb1 Qe5 14. Rxb5
Qc7 15. Rb2 Ne5 16. Nd5 Nxd5 17. Bxd5 Rb8 18. Rc2 Qd6 19. Nc4 Nxc4 20. Rxc4 Ba6
21. Bxf7+ Rxf7 22. Qxd6 Rb6 23. Qd5 Bxc4 24. Qxc4 Rc6 25. Qd5 Kf8 26. Rb1 Ke7
27. f3 Rf8 28. Rd1 Rd8 29. Qg5+ Ke8 30. Qxg7 Rc7 31. Qg8+ Ke7 32. Qxh7+ Ke6 33.
Qg6+ Ke7 34. Qd6+ 1-0

[Event "Sommerschach 2022 Vereinsspieler"]
[Site "Dortmund"]
[Date "2022.07.13"]
[Round "7.37"]
[White "Hagelskamp, Fabio"]
[Black "Grimme, Rudolf"]
[Result "1/2-1/2"]
[WhiteElo "1084"]
[BlackElo "1382"]
[PlyCount "74"]
[EventDate "2022.07.??"]
[EventType "tourn"]
[EventRounds "7"]
[WhiteTeam "SV Waltrop"]
[BlackTeam "SVG Marten-Bövinghausen"]

1. e4 e5 2. Nf3 Nc6 3. d4 exd4 4. Nxd4 Qf6 5. Be3 Bc5 6. c3 Nge7 7. Bc4 Bb6 8.
O-O d6 9. h3 O-O 10. Re1 Be6 11. Bb3 d5 12. Nxc6 bxc6 13. Nd2 Rfd8 14. Qc2 Rd7
15. Rad1 Rad8 16. exd5 cxd5 17. Nf3 h6 18. Bd4 Bxd4 19. Nxd4 c5 20. Nxe6 fxe6
21. Qe2 c4 22. Ba4 Rd6 23. Qe3 Ra6 24. b3 cxb3 25. axb3 Rf8 26. Re2 Nf5 27. Qe5
Qg6 28. Rde1 Nh4 29. Qg3 Qxg3 30. fxg3 Nf5 31. g4 Ng3 32. Rxe6 Rxe6 33. Rxe6
Rc8 34. Ra6 Rxc3 35. Rxa7 Rc1+ 36. Kh2 Nf1+ 37. Kg1 Ng3+ 1/2-1/2

[Event "Sommerschach 2022 Hobbyspieler"]
[Site "Dortmund"]
[Date "2022.07.13"]
[Round "7.1"]
[White "Püttmann, Luca"]
[Black "Libert, Nick"]
[Result "0-1"]
[WhiteElo "1263"]
[BlackElo "1027"]
[PlyCount "112"]
[EventDate "2022.07.??"]
[EventType "tourn"]
[EventRounds "7"]
[WhiteTeam "SV Kamen"]
[BlackTeam "SF Brackel"]

1. e4 e5 2. Nf3 Nc6 3. Bc4 Nf6 4. d3 h6 5. c3 Bc5 6. h3 d6 7. b4 Bb6 8. a4 a6
9. Bb3 O-O 10. O-O Re8 11. Be3 Ba7 12. Re1 Bxe3 13. fxe3 Be6 14. Bc2 d5 15.
exd5 Bxd5 16. e4 Be6 17. Nbd2 Qd7 18. Nf1 Red8 19. Qd2 b5 20. Kh1 Qd6 21. Red1
Na7 22. d4 bxa4 23. dxe5 Qxd2 24. Rxd2 Rxd2 25. N1xd2 Nd7 26. Bxa4 Nb6 27. Bb3
Bxb3 28. Nxb3 Nb5 29. Rc1 Na4 30. c4 Nbc3 31. Nc5 Nxc5 32. Rxc3 Nxe4 33. Ra3
Rb8 34. Rxa6 Rxb4 35. Rc6 Rb7 36. Nd4 Ng5 37. Nb5 Ne6 38. Kg1 Kf8 39. Kf2 Ke7
40. Ke3 Kd8 41. Nd4 Kd7 42. Ra6 Rb2 43. Ne2 Rb3+ 44. Kf2 Rb4 45. Ra3 Rxc4 46.
Rd3+ Ke7 47. Ng3 g6 48. Rd2 c5 49. Ra2 Rd4 50. Ne2 Re4 51. Ra7+ Kf8 52. Ra8+
Kg7 53. Rc8 Rxe5 54. Nc1 Kf6 55. Nd3 Rd5 56. Ke3 Kf5 0-1

[Event "Sommerschach 2022 Hobbyspieler"]
[Site "Dortmund"]
[Date "2022.07.13"]
[Round "7.2"]
[White "Dabrowski, Mike"]
[Black "Rogner, Alex"]
[Result "1-0"]
[WhiteElo "1200"]
[BlackElo "1040"]
[PlyCount "120"]
[EventDate "2022.07.??"]
[EventType "tourn"]
[EventRounds "7"]
[BlackTeam "SF Brackel"]

1. e4 e5 2. Nf3 Nc6 3. Bb5 a6 4. Ba4 Nf6 5. O-O b5 6. Bb3 Be7 7. Re1 d6 8. h3
Na5 9. c3 Nxb3 10. axb3 O-O 11. d4 exd4 12. cxd4 c5 13. d5 Bd7 14. Nc3 Qc7 15.
Bf4 Rfe8 16. Qc1 Bf8 17. e5 dxe5 18. Bxe5 Qb6 19. Ng5 g6 20. d6 Bg7 21. Qd2 h6
22. Bxf6 Bxf6 23. Nge4 Bg7 24. Nd5 Qd8 25. Ne7+ Kh7 26. Qf4 Be6 27. Nxc5 Rxe7
28. dxe7 Qxe7 29. Nxe6 fxe6 30. Qe4 Ra7 31. Qxe6 Qxe6 32. Rxe6 Bxb2 33. Raxa6
Rd7 34. Red6 Rc7 35. g3 Rf7 36. Rxg6 b4 37. Rxh6+ Kg7 38. Rag6+ Kf8 39. Rb6 Bd4
40. Rxb4 Bxf2+ 41. Kg2 Be3 42. Rf4 Bxf4 43. gxf4 Rxf4 44. Rb6 Rd4 45. Rf6+ Ke7
46. Rf3 Rd5 47. h4 Rd8 48. Kh3 Rg8 49. h5 Rh8 50. Kg4 Ke6 51. b4 Rb8 52. Kg5
Rxb4 53. h6 Rb8 54. h7 Rc8 55. Kg6 Ke7 56. Kg7 Rc1 57. Rg3 Ke6 58. h8=Q Rc7+
59. Kh6 Kd5 60. Qd8+ Kc6 1-0

[Event "Sommerschach 2022 Hobbyspieler"]
[Site "Dortmund"]
[Date "2022.07.13"]
[Round "7.3"]
[White "Schulz, Wolfgang"]
[Black "Bässler, Michael"]
[Result "0-1"]
[WhiteElo "938"]
[BlackElo "996"]
[PlyCount "74"]
[EventDate "2022.07.??"]
[EventType "tourn"]
[EventRounds "7"]
[WhiteTeam "SC Gerthe - Werne"]
[BlackTeam "SC Hansa Dortmund"]

1. d4 d5 2. Nf3 Bf5 3. Nc3 e6 4. Bg5 Be7 5. Bf4 Bd6 6. Ne5 Ne7 7. e3 O-O 8. Be2
h6 9. O-O Nd7 10. Nf3 Bxf4 11. exf4 Ng6 12. Qd2 c5 13. Ne1 cxd4 14. Qxd4 Nf6
15. Qb4 Qc7 16. Nd3 Bxd3 17. Bxd3 Nxf4 18. Rad1 a5 19. Qd4 e5 20. Qa4 d4 21.
Nb5 Qc6 22. f3 Ng4 23. Rd2 Ne3 24. Rff2 Kh8 25. Be4 Ned5 26. g3 Nh3+ 27. Kg2
Nxf2 28. Kxf2 Qc5 29. Rd3 Nb6 30. Qb3 a4 31. Qd5 Qxc2+ 32. Kg1 Nxd5 33. Na3
Qc1+ 34. Kg2 Ne3+ 35. Kh3 Qf1+ 36. Kh4 g5+ 37. Kh5 Qh3# 0-1

[Event "Sommerschach 2022 Hobbyspieler"]
[Site "Dortmund"]
[Date "2022.07.13"]
[Round "7.4"]
[White "Westermann, Thomas"]
[Black "Dziuk, Dariusz"]
[Result "1/2-1/2"]
[WhiteElo "1200"]
[BlackElo "1082"]
[PlyCount "79"]
[EventDate "2022.07.??"]
[EventType "tourn"]
[EventRounds "7"]
[BlackTeam "SV Unna"]

1. e4 e5 2. Nf3 Nc6 3. Bc4 Bc5 4. Nc3 d6 5. d3 h6 6. Na4 Nf6 7. Nxc5 dxc5 8. h3
a6 9. a4 Qd6 10. c3 Be6 11. Bxe6 Qxe6 12. O-O g5 13. g4 O-O-O 14. Re1 Nd7 15.
Qc2 f6 16. Nh2 h5 17. f3 hxg4 18. hxg4 Rh7 19. Re2 Rdh8 20. Be3 Qe7 21. Rf1 Nf8
22. Rff2 Ne6 23. Qb3 Nf4 24. Bxf4 gxf4 25. Kf1 Rh3 26. Ke1 Qd7 27. Qd5 Rd8 28.
Qxd7+ Rxd7 29. Rd2 Ne7 30. Ke2 Ng6 31. Kd1 Rh8 32. Kc2 b5 33. axb5 axb5 34. Nf1
Nf8 35. Rh2 Rdh7 36. Rxh7 Rxh7 37. Rh2 Rxh2+ 38. Nxh2 Ne6 39. b3 c6 40. Kd2
1/2-1/2

[Event "Sommerschach 2022 Hobbyspieler"]
[Site "Dortmund"]
[Date "2022.07.13"]
[Round "7.5"]
[White "Flottau, Kilian"]
[Black "Bonn, Marcel"]
[Result "1-0"]
[WhiteElo "1200"]
[BlackElo "832"]
[PlyCount "53"]
[EventDate "2022.07.??"]
[EventType "tourn"]
[EventRounds "7"]
[BlackTeam "SC Hansa Dortmund"]

1. e4 e6 2. d4 d5 3. exd5 exd5 4. Nf3 Nf6 5. c4 c5 6. Nc3 a6 7. Bg5 Be6 8. b3
cxd4 9. Nxd4 Bb4 10. Rc1 Nbd7 11. Bd3 Qb6 12. Be3 Nc5 13. O-O Bxc3 14. Nxe6
fxe6 15. Rxc3 O-O-O 16. cxd5 Rxd5 17. Qc2 Nfd7 18. Rc1 Kb8 19. Bxc5 Nxc5 20.
Rxc5 Ka7 21. Rxd5 exd5 22. Qc5 Qxc5 23. Rxc5 Re8 24. Kf1 d4 25. Rd5 Rc8 26.
Rxd4 Rc1+ 27. Ke2 1-0

[Event "Sommerschach 2022 Hobbyspieler"]
[Site "Dortmund"]
[Date "2022.07.13"]
[Round "7.6"]
[White "Frölich, Andreas"]
[Black "Schmidt, Andreas Norbert"]
[Result "1/2-1/2"]
[WhiteElo "1123"]
[BlackElo "1124"]
[PlyCount "48"]
[EventDate "2022.07.??"]
[EventType "tourn"]
[EventRounds "7"]
[WhiteTeam "SV Rochade Eving"]
[BlackTeam "SF Brackel"]

1. e4 e5 2. Nf3 Nc6 3. Nc3 Nf6 4. a3 d5 5. exd5 Nxd5 6. Nxd5 Qxd5 7. Be2 Be7 8.
d3 O-O 9. O-O Be6 10. c4 Qd8 11. h3 h6 12. b4 Bf6 13. Bb2 Nd4 14. Nxd4 exd4 15.
Bf3 Rb8 16. Bg4 Be5 17. Bxe6 fxe6 18. Re1 Qd6 19. Qd2 Bf4 20. Qe2 Bh2+ 21. Kh1
Rf6 22. c5 Qf4 23. Bc1 Qf5 24. Kxh2 Rbf8 1/2-1/2

[Event "Sommerschach 2022 Hobbyspieler"]
[Site "Dortmund"]
[Date "2022.07.13"]
[Round "7.7"]
[White "Handoulla, Bilal"]
[Black "Buntscheck, Stefan"]
[Result "1-0"]
[WhiteElo "1200"]
[BlackElo "1200"]
[PlyCount "81"]
[EventDate "2022.07.??"]
[EventType "tourn"]
[EventRounds "7"]

1. e4 c5 2. Nf3 d6 3. d4 Nd7 4. Bb5 a6 5. Ba4 g6 6. O-O b5 7. dxc5 e6 8. Bb3
Nxc5 9. Nc3 Bg7 10. Re1 Ne7 11. Bg5 O-O 12. Qd2 Re8 13. Bh6 b4 14. Na4 Qc7 15.
Qxb4 Bxh6 16. Rad1 a5 17. Qd4 Ra6 18. e5 Nf5 19. Qg4 Bf8 20. Bc4 Nh6 21. Qd4
Nxa4 22. Bxa6 Bd7 23. c4 Nc5 24. Bb5 Bxb5 25. cxb5 Bg7 26. exd6 Qb6 27. Qf4 Nd3
28. Rxd3 Qxb5 29. Red1 Qxb2 30. d7 Rd8 31. Qc7 Bf6 32. Rb3 Qxa2 33. Rb8 Ng4 34.
Rf1 Qd5 35. Rxd8+ Kg7 36. Re8 a4 37. d8=Q Bxd8 38. Rxd8 Qa2 39. Qc3+ f6 40. Rd2
Qxd2 41. Nxd2 1-0

[Event "Sommerschach 2022 Hobbyspieler"]
[Site "Dortmund"]
[Date "2022.07.13"]
[Round "7.8"]
[White "Knöner, Horst"]
[Black "Martins, Arne"]
[Result "0-1"]
[WhiteElo "959"]
[BlackElo "793"]
[PlyCount "106"]
[EventDate "2022.07.??"]
[EventType "tourn"]
[EventRounds "7"]
[BlackTeam "SV Erkenschwick"]

1. d4 d5 2. c4 Nf6 3. Nc3 e6 4. Nf3 Bb4 5. Bd2 O-O 6. a3 Ba5 7. b4 Ne4 8. bxa5
Nxc3 9. Bxc3 dxc4 10. e4 b5 11. axb6 cxb6 12. Bxc4 Ba6 13. Bxa6 Nxa6 14. O-O
Rc8 15. Qb3 e5 16. Rfd1 Qc7 17. Rac1 exd4 18. Bxd4 Qxc1 19. h3 Qf4 20. g3 Qxe4
21. Ne5 Qc2 22. Qxc2 Rxc2 23. Rd3 Rc1+ 24. Kg2 Nc5 25. Bxc5 Rxc5 26. f4 Rc2+
27. Kf3 f6 28. Ng4 h5 29. Nf2 g5 30. f5 Kg7 31. Rd7+ Rf7 32. Rd3 a5 33. g4 h4
34. Rb3 Ra2 35. Nd3 Rd7 36. Nc1 Ra1 37. Nd3 Rf1+ 38. Kg2 Rd1 39. Nb2 R1d2+ 40.
Kf3 Re7 41. Nc4 Rd1 42. Ne3 Rh1 43. Kg2 a4 44. Rd3 Rb1 45. Kf3 b5 46. Nd5 Rb3
47. Rxb3 axb3 48. Nc3 Rc7 49. Nb1 b2 50. Ke3 Rc1 51. Kd2 Rxb1 52. Kc2 Rh1 53.
Kxb2 Rxh3 0-1

[Event "Sommerschach 2022 Hobbyspieler"]
[Site "Dortmund"]
[Date "2022.07.13"]
[Round "7.9"]
[White "Böckmann, Lieselotte"]
[Black "Kasnatschenko, Ilayda"]
[Result "1-0"]
[WhiteElo "954"]
[BlackElo "1200"]
[PlyCount "85"]
[EventDate "2022.07.??"]
[EventType "tourn"]
[EventRounds "7"]
[WhiteTeam "FS Dortmund"]
[BlackTeam "SV Waltrop"]

1. c4 e5 2. Nc3 Nf6 3. e3 Bc5 4. Be2 O-O 5. Nf3 d6 6. O-O Be6 7. b3 Nbd7 8. Ne1
c6 9. Na4 d5 10. Nxc5 Nxc5 11. d3 Re8 12. Bb2 Qc7 13. f4 Nfd7 14. f5 Rf8 15.
fxe6 fxe6 16. Rxf8+ Rxf8 17. Nf3 b5 18. Ng5 Re8 19. Qc2 Nf6 20. Nf3 Ncd7 21.
cxb5 Qb8 22. bxc6 Rc8 23. Rc1 Nb6 24. Qd2 Qd6 25. Bxe5 Qe7 26. c7 Na8 27. Bxf6
Qxf6 28. Nd4 Nxc7 29. Rf1 Qg6 30. Nc6 Qe8 31. Ne5 Nb5 32. d4 Nd6 33. Bd3 g6 34.
Ng4 Qe7 35. Nh6+ Kh8 36. Ng4 Nf5 37. Rc1 Rg8 38. Bxf5 gxf5 39. Nh6 Rg6 40. Rc8+
Kg7 41. e4 fxe4 42. Rg8+ Kf6 43. Qf4# 1-0

[Event "Sommerschach 2022 Hobbyspieler"]
[Site "Dortmund"]
[Date "2022.07.13"]
[Round "7.10"]
[White "Allen, Sabrina"]
[Black "Groß, Josephine Hannah"]
[Result "1/2-1/2"]
[WhiteElo "773"]
[BlackElo "1200"]
[PlyCount "52"]
[EventDate "2022.07.??"]
[EventType "tourn"]
[EventRounds "7"]
[WhiteTeam "SV Erkenschwick"]
[BlackTeam "SV Erkenschwick"]

1. c4 Nf6 2. Nc3 g6 3. g3 Bg7 4. Bg2 d6 5. e3 e5 6. d4 c6 7. Nge2 Bg4 8. O-O
O-O 9. Rb1 Qc8 10. b4 Bh3 11. Re1 Bxg2 12. Kxg2 c5 13. a3 cxb4 14. Rxb4 Na6 15.
Ra4 Nd7 16. Nd5 Qc6 17. e4 Rae8 18. Nec3 Nb6 19. Bg5 f6 20. Bh4 Nxa4 21. Nxa4
exd4 22. Qxd4 Qxa4 23. Nxf6+ Bxf6 24. Bxf6 Rxf6 25. Qxf6 Rf8 26. Qe6+ Rf7
1/2-1/2